000 00874nam a2200265Ia 4500
003 OSt
005 20220930093222.0
006 a|||||r|||| 00| 0
007 ta
008 220926b |||||||| |||| 00| 0 eng d
024 _a35347
037 _cTheses
040 _aCRL
_cCRL
_beng
041 _2eng
_aeng
100 _aASHISH RANJAN Au.
_9545872
110 _aUniversity of Delhi. Faculty of Education. Education
_9551196
245 0 _aHistory Curriculum of Bangladesh, India and Pakistan
_b A Comparative Study.
260 _c2016
300 _a234p. ill.
_ap.
_ccm.
700 _a Dr. Nina Dey Gupta Gu.
_9551197
700 _a Prof. Shyam B. Menon Gu.
_9542862
700 _aUniversity of Delhi. Faculty of Education. Education
_9551198
942 _cDIS
_2CC
999 _c885023
_d885023